Advanced Sensor Systems and Applications III

التفاصيل البيبلوغرافية
مؤلفون آخرون: Rao, Yunjiang
التنسيق: الكتروني كتاب
اللغة:English
منشور في: SPIE Digital Library, 1/1/07
الموضوعات:
الوصول للمادة أونلاين:Full text available on Research4Life (SPIE Digital Library)
Classic Catalogue: View this record in Classic Catalogue
LEADER 00868cam a2200181 a 4500
001 AALConferenceProceedingsResearch4Life(SPIE)012221
008 240908c9999 xx r poo 0 0eng d
020 |a 9780819470058 
040 |a BD-DhAAL  |c BD-DhAAL 
245 0 0 |h [electronic resource]  |a Advanced Sensor Systems and Applications III 
260 1 |b SPIE Digital Library,  |c 1/1/07 
300 |a 1 online resource 
500 |a <strong>On-Campus Access Only (IP based access)</strong> 
506 |a Electronic access restricted to authorized BRAC University faculty, staff and students 
538 |a Mode of access: Internet 
655 7 |a Conference papers and proceedings.  |2 Library of Congress 
700 1 |a Rao, Yunjiang 
856 4 0 |z Full text available on Research4Life (SPIE Digital Library)  |u https://login.research4life.org/tacsgr1www_spiedigitallibrary_org/conference-proceedings-of-spie/6830